000 00457nam a2200181Ia 4500
003 GCL
008 140319s9999 xx 000 0 eng d
040 _aGCL /
_cGCL
082 0 4 _a759
_bH F
100 1 _aHUGHES, ROBERT
245 1 0 _aFRANK AWRBACH /
_cHUGHES, ROBERT
260 _a[S.N] :
_bTHAMES AND HUDSON ،
_c1992
650 0 4 _aGERMANY
650 0 4 _aMODERN ART
650 0 4 _aAUERBACH, FRANK
650 0 4 _aPAINTERS AND PAINTINGS
942 _2ddc
_cBK
999 _c25656
_d25656